000 03275nab a2200313 i 4500
003 BR-BrBNA
005 20240808132731.0
008 240808b2017 bl.|r|pooa||| 00| 0 por |
040 _aBR-BrBNA
_bpor
072 _aL73
_b5400
072 _aL70
100 _aBezerra, J.A.B.
100 _aCardoso, I.R.S.
100 _aRodrigues, R.T.G.A.
100 _aFilgueira, K.D.
245 _aUso do fluralaner no tratamento da demodicidose canina juvenil generalizada: relato de caso
500 _aPublicação online; 11 ref.; 2 illus.; Summaries (En, Pt)
520 _a RESUMO - O objetivo do presente trabalho foi relatar a eficácia do fluralaner no tratamento da demodicidose juvenil generalizada canina. Dois caninos, apresentando dois e três meses de idade, com diagnóstico clínico e parasitológico de demodicidose generalizada, foram tratados com administração única de fluralaner, na dose recomendada em bula pelo fabricante. Além disso, foi realizada a terapia adjuvante à base de xampu de peróxido de benzoíla e domperidona. Observou-se uma resposta terapêutica satisfatória, com repilação completa ao 30º dia após a administração do fármaco. Para cada paciente, foi realizado exame parasitológico do raspado cutâneo aos 75 e 90 dias seguintes ao início do tratamento, e todos foram negativos. Tendo em vista a elevada eficácia do tratamento proposto, sugere-se a inclusão do fluralaner nos protocolos terapêuticos destinados à demodicidose canina, particularmente nos pacientes pediátricos e com a forma generalizada da doença. Palavras-chave: isoxazolina, Demodex canis, dermatologia
520 _a ABSTRACT - The aim of the present study was to report the efficiency of fluralaner on the treatment of two cases of canine generalized juvenile demodicosis. Two puppies, aging two and three months old, with the clinic and parasitological diagnosis of generalized demodicosis were treated with single administration of fluralaner. according to the dose recommended by the responsible laboratory. Additionally, adjuvant therapy was applied using benzoyl peroxide shampoo and domperidone. A satisfactory therapeutic response was observed, and complete repilation was present at the 30th day after drug administration. For each patient, at the 75th and 90th day after the treatment began, skin scrapings were performed in order to investigate the presence of Demodex sp; and all were negative. Considering the high efficiency of the treatment used, we suggest the inclusion of fluralaner on the therapeutic protocol for canine demodicosis, particularly in pediatric patients and with the generalized form of the disease. Keywords: isoxazoline; Demodex canis; dermatology
650 _aCÃO
650 _aDOENÇA ANIMAL
650 _aDERMATOLOGIA
650 _aMEDICAMENTO
650 _aVETERINÁRIA
773 0 _01643
_9316504
_dBelo Horizonte-MG Universidade Federal de Minas Gerais - Escola de Veterinaria 1983
_o2024-2999
_tArquivo Brasileiro de Medicina Veterinária e Zootecnia (Brazil)
_x0102-0935
_gv.69(6) p. 1491-1495; (2017)
_wBR2024002240
856 _uhttps://www.scielo.br/j/abmvz/a/GhBJDFJ4GRcXMHrdJzfgWWn/?format=pdf&lang=pt
942 _cAnalítica
999 _c300796
_d300796